00247nam a2200109 a 4500008004100000020001500041050001700056100001800073245002500091250001200116350000900128120416s0000 xx |||||||||||||| || u a0719546613 aHB 171.5 Lob aLobley, Derek10aSuccess in economics a3rd ed. a0.00